Current Premier League Players With Over 100 Caps - Statistics

General Stats
  • This quiz has been taken 35 times
  • The average score is 3 of 6
Answer Stats
Caps Country Answer % Correct
121 Chile Sanchez
94%
124 Czech Rep Cech
88%
125 Spain Silva
65%
110 Belgium Vertonghen
47%
104 Switzerland Lichtsteiner
18%
103 N Ireland Davis
15%
No matching quizzes found
Score Distribution
Percent of People with Each Score
Percentile by Number Answered
Your Score History
You have not taken this quiz